Cairngorm Chairlift Co Ltd v Assessor for Highland Region (Record no. 25872)

MARC details
000 -LEADER
fixed length control field 00992cab a2200229 4500
001 - CONTROL NUMBER
control field E2640
008 - FIXED-LENGTH DATA ELEMENTS--GENERAL INFORMATION
fixed length control field 090401t1995 xxu||||| |||| 00| 0 eng d
035 ## - SYSTEM CONTROL NUMBER
System control number (Sirsi) u40374
041 ## - LANGUAGE CODE
Language code of text/sound track or separate title eng
245 ## - TITLE STATEMENT
Title Cairngorm Chairlift Co Ltd v Assessor for Highland Region
260 ## - PUBLICATION, DISTRIBUTION, ETC.
Date of publication, distribution, etc. 1995
350 ## - PRICE (NR) (BK AM CF MU VM SE) [OBSOLETE]
Price 0
490 ## - SERIES STATEMENT
Series statement Scots Law Times
Volume/sequential designation 1995 SLT (Lands Tr) 35-44(10)
520 ## - SUMMARY, ETC.
Summary, etc. Lands Tribunal for Scotland. Sheriff A C Horsfall, QC; A R MacLeary, FRICS; J Devine, FRICS. 12 July 1994. Valuation - revenue principal - ski lifts - apportionment of average net revenue between hypothetical landlord and tenant - weight to be given to future risk - period to which regard might be had for assessment of risk - revenue averaged over five year period - indexation for inflation.
650 ## - SUBJECT ADDED ENTRY--TOPICAL TERM
Topical term or geographic name entry element LANDS TRIBUNAL FOR SCOTLAND
650 ## - SUBJECT ADDED ENTRY--TOPICAL TERM
Topical term or geographic name entry element LEISURE PROPERTY
650 ## - SUBJECT ADDED ENTRY--TOPICAL TERM
Topical term or geographic name entry element REVENUE PRINCIPLE
650 ## - SUBJECT ADDED ENTRY--TOPICAL TERM
Topical term or geographic name entry element SKI LIFTS
690 ## - LOCAL SUBJECT ADDED ENTRY--TOPICAL TERM (OCLC, RLIN)
Topical term or geographic name as entry element RATING AND VALUATION-CASE LAW
942 ## - ADDED ENTRY ELEMENTS (KOHA)
Suppress in OPAC 0
948 ## - LOCAL PROCESSING INFORMATION (OCLC); SERIES PART DESIGNATOR (RLIN)
c (OCLC) 04/03/1997
Holdings
Withdrawn status Lost status Source of classification or shelving scheme Damaged status Not for loan Home library Current library Shelving location Date acquired Total Checkouts Full call number Barcode Date last seen Copy number Price effective from Koha item type
    Dewey Decimal Classification     London London Journal article 14/09/1999   E2640 40374-1001 06/08/2019 1 06/08/2019 Law report